Die größte nicht-Hauptstadt von jedem Land Europas - Statistiken

Allgemein
  • Dieses Quiz wurde 624 mal gespielt
  • Das Durchschnittsergebnis liegt bei 18 aus 43
Antwortstatistiken
Land Stadt % Korrekt
Deutschland Hamburg
96%
Italien Mailand
90%
Spanien Barcelona
89%
Niederlande Rotterdam
87%
Schweiz Zürich
87%
Russland Sankt Petersburg
86%
Frankreich Marseille
84%
Portugal Porto
80%
Vereinigtes Königreich Birmingham
75%
Österreich Graz
75%
Polen Krakau
72%
Belgien Antwerpen
69%
Schweden Göteborg
65%
Norwegen Bergen
63%
Griechenland Thessaloniki
61%
Kroatien Split
60%
Dänemark Aarhus
48%
Irland Cork
47%
Tschechien Brünn
46%
Ukraine Charkiw
31%
Rumänien Cluj-Napoca
31%
Serbien Novi Sad
30%
Slowenien Maribor
29%
Luxemburg Esch an der Alzette
26%
Litauen Kaunas
26%
Bulgarien Plowdiw
23%
Ungarn Debrecen
22%
Slowakei Košice
20%
Moldawien Tiraspol
20%
Bosnien und Herzegowina Banja Luka
18%
Finnland Espoo
18%
Liechtenstein Schaan
18%
Albanien Durrës
17%
Belarus Homel
16%
Estland Tartu
15%
Lettland Daugavpils
12%
Kosovo Prizren
7%
Malta Birkirkara
5%
San Marino Serravalle
5%
Andorra Escaldes-Engordany
4%
Island Kópavogur
4%
Nordmazedonien Kumanovo
3%
Montenegro Nikšić
3%
Keine übereinstimmenden Quizze gefunden
Verteilung der Resultate
Anzahl Personen mit jedem Resultat
Perzentil nach korrekt beantworteten Fragen
Ihre Resultats-Entwicklung
Sie haben dieses Quiz noch nicht gespielt